Setting Strategic Goals and Objectives

Salvato in:
Dettagli Bibliografici
Autore principale: Richards, Max D.
Natura: Libro
Lingua:inglese
Pubblicazione: St. Paul West Publ. Co. 1986
Edizione:2. ed.
Soggetti:
Tags: Aggiungi Tag
Nessun Tag, puoi essere il primo ad aggiungerne!!

MARC

LEADER 00000nam a2200000 4500
001 c013277
005 20221207074139.0
020 |a 0-314-85291-3 
041 0 |a eng 
044 |a US 
245 1 0 |a Setting Strategic Goals and Objectives  |c Max D. Richards 
250 |a 2. ed. 
264 1 |a St. Paul  |b West Publ. Co.  |c 1986 
300 |a 147 s. 
610 2 0 |a riadenie strategické 
610 2 0 |a plánovanie strategické 
610 2 0 |a ciele riadenia 
100 1 |a Richards, Max D.